000 01245nam0a22002531 4500
001 rc\2772089
005 20250806210712.0
035 _a(NLR Aleph) 006898448
090 _a27416
_c27416
100 _a20110915d1941 u y0rusy50 ca
101 0 _arus
102 _aRU
105 _aa z |||||
200 1 _aСовременные проектные технологические схемы и оборудование газогенераторных станций водяного газа из тощих топлив (кокс, антрацит)
_eМат-лы Всес. совещ. по эксплоатации газогенератор. станций
_fИнж. З. И. Каждан
_gВсес. науч. инж.-тех. о-во энергетики и электросвязи "ВНИТОЭ", Сектор теплотехники. Ком-т газификации
210 _aЛенинград
_cБ. и.
_d1941
215 _a26 с., 1 вкл. л. черт.
_cчерт.
_d22 см.
700 1 _aКаждан
_bЗ.И.
801 0 _aRU
_bNLR
_gpsbo
801 1 _aRU
_bELAR
_2rusmarc
852 _aNLR
_jТ14 Г-6/3
942 _cBOOK
945 _aРоссийская национальная библиотека
980 _aNB
980 _aBV